| 000 | 00786nam a2200193 a 4500 | ||
|---|---|---|---|
| 001 | 000040399 | ||
| 005 | 20201002034116.0 | ||
| 008 | 130823s2011 mx 000 0 spa d | ||
| 020 | _a9786070221538 | ||
| 040 |
_aDO-SdBNP _bspa _cBNPHU |
||
| 100 | 1 |
_aMarquina, José E. _966701 |
|
| 245 | 1 | 0 |
_aNewtoniana / _cJosé E. Marquina. |
| 260 |
_aMéxico : _bDirección General de Publicaciones y Fomento Editorial : Academia Mexicana de la Lengua, _c2011. |
||
| 300 |
_a47 p. ; _c22 cm. |
||
| 490 | 1 |
_aCuadernos del seminario ; modernidad versiones y dimensiones ; _acuaderno _v3 |
|
| 500 | _aIncluye referencias bibliográficas y notas al pie de las páginas | ||
| 504 | _aBibliografía : p. 46-47 | ||
| 830 | 0 |
_aCuadernos del seminario ; modernidad versiones y dimensiones _acuaderno _v3 _966702 |
|
| 999 |
_c39889 _d39889 |
||